| 000 | 00485nam a2200133 a 4500 | ||
|---|---|---|---|
| 008 | 120416s1954 ||||||||||||||||| || u | ||
| 050 | _aQD 31.2 Ele | ||
| 100 | _aBrownlee, Raymond B | ||
| 245 | 1 | 0 | _aElements of chemistry |
| 260 |
_aBoston _bAllyn and Bacon _c1954 |
||
| 350 | _a0.00 | ||
| 650 | 0 | _aCHEMISTRY--HANDBOOKS, MANUALS, ETC | |
| 995 |
_D0.00 _FCBU-MAIN LIBRARY (Kitwe) _H1 _I9.50 _M1 _ULOST _ZMain Library Open Access Collection |
||
| 999 |
_c41651 _d41651 |
||